<The> Role of International Financial Institutions in Central and Eastern Europe
Salvato in:
| Altri autori: | |
|---|---|
| Natura: | Libro |
| Lingua: | inglese |
| Pubblicazione: |
München
Südosteuropa-Gesellschaft
1996
|
| Edizione: | 1. Aufl. |
| Serie: | Südosteuropa-Studie
56 |
| Soggetti: | |
| Tags: |
Nessun Tag, puoi essere il primo ad aggiungerne!!
|
MARC
| LEADER | 00000nam a2200000 4500 | ||
|---|---|---|---|
| 001 | c016021 | ||
| 005 | 20221214071724.2 | ||
| 020 | |a 3-925450-52-1 | ||
| 041 | 0 | |a eng | |
| 044 | |a DE | ||
| 245 | 1 | 0 | |a <The> Role of International Financial Institutions in Central and Eastern Europe |c Edit. Roland Schönfeld |
| 250 | |a 1. Aufl. | ||
| 264 | 1 | |a München |b Südosteuropa-Gesellschaft |c 1996 | |
| 300 | |a 267 s. | ||
| 490 | 1 | |a Südosteuropa-Studie |v 56 | |
| 830 | 0 | |a Südosteuropa-Studie |v 56 | |
| 610 | 2 | 0 | |a organizácie medzinárodné |
| 610 | 2 | 0 | |a politika finančná |
| 610 | 2 | 0 | |a banky |
| 610 | 2 | 0 | |a reformy |
| 610 | 2 | 0 | |a trh |
| 610 | 2 | 0 | |a modely |
| 610 | 2 | 0 | |a transformácia |
| 610 | 2 | 0 | |a Európa |
| 700 | 1 | |a Schönfeld, Roland | |